[Event "3. Copenhagen Open Politiken Cup"]
[Site "Brndby"]
[Date "1981.??.??"]
[Round "3"]
[White "Jensen, Allan Astrup"]
[Black "Akesson, Ralf"]
[Result "1-0"]
[WhiteElo "2225"]
[BlackElo "2305"]
[PlyCount "74"]
[EventDate "1981.??.??"]
[EventType "swiss"]
[EventRounds "10"]
[EventCountry "DEN"]
[SourceDate "2004.01.01"]

1. e4 c5 2. Nc3 d6 3. g3 g6 4. Bg2 Bg7 5. d3 Nc6 6. Nf3 e5 7. O-O Nge7 8. Be3
O-O 9. Qd2 f5 10. Bg5 Be6 11. Nh4 Qd7 12. f4 h6 13. Bxe7 Nxe7 14. fxe5 dxe5 15.
Rae1 c4 16. Nd5 Bxd5 17. exd5 cxd3 18. Qxd3 e4 19. Qa3 Rf6 20. g4 Ra6 21. Qg3
Qxd5 22. gxf5 gxf5 23. Kh1 Rf8 24. Rd1 Qe6 25. Bh3 Kh8 26. Qc7 e3 27. Rd7 Qe4+
28. Ng2 Re6 29. Re1 Qf3 30. Rxe7 e2 31. Rg1 Rxe7 32. Qxe7 Qxh3 33. Qxg7+ Kxg7
34. Nf4+ Kf6 35. Nxh3 Rd8 36. Nf4 Rd2 37. Re1 Rd1 1-0

[Event "3. Copenhagen Open Politiken Cup"]
[Site "Brndby"]
[Date "1981.??.??"]
[Round "3"]
[White "Kovacs, Laszlo"]
[Black "Bednarski, Jacek"]
[Result "1/2-1/2"]
[WhiteElo "2315"]
[BlackElo "2380"]
[PlyCount "33"]
[EventDate "1981.??.??"]
[EventType "swiss"]
[EventRounds "10"]
[EventCountry "DEN"]
[SourceDate "2004.01.01"]

1. e4 e6 2. d4 d5 3. Nd2 Be7 4. e5 c5 5. Qg4 Kf8 6. Nb3 Nc6 7. Nxc5 Nxe5 8.
dxe5 Bxc5 9. Bd3 Qb6 10. Qe2 f5 11. Nh3 Ne7 12. c3 a5 13. O-O Bd7 14. Bd2 h6
15. a4 g5 16. Kh1 Kf7 17. b3 1/2-1/2

[Event "3. Copenhagen Open Politiken Cup"]
[Site "Brndby"]
[Date "1981.??.??"]
[Round "3"]
[White "Krahenbuhl, Gerhard"]
[Black "Pokojowczyk, Jerzy"]
[Result "1-0"]
[WhiteElo "2305"]
[BlackElo "2390"]
[PlyCount "69"]
[EventDate "1981.??.??"]
[EventType "swiss"]
[EventRounds "10"]
[EventCountry "DEN"]
[SourceDate "2004.01.01"]

1. c4 Nf6 2. Nc3 e6 3. e4 d5 4. e5 d4 5. exf6 dxc3 6. bxc3 Qxf6 7. d4 c5 8. Nf3
cxd4 9. Bg5 Qf5 10. cxd4 Nc6 11. Bd3 Bb4+ 12. Kf1 Qa5 13. Rb1 Be7 14. Bd2 Qd8
15. Bc3 Bf6 16. Bc2 O-O 17. Qd3 g6 18. h4 b6 19. h5 Re8 20. hxg6 hxg6 21. Re1
Bg7 22. d5 exd5 23. Rxe8+ Qxe8 24. Bxg7 Kxg7 25. cxd5 Ne5 26. Qc3 Ba6+ 27. Kg1
Rc8 28. Qb2 f6 29. Nd4 Rc4 30. Ne6+ Kg8 31. Qc1 Rg4 32. Bd1 Qd7 33. Qh6 Rxg2+
34. Kxg2 Qxd5+ 35. f3 1-0

[Event "3. Copenhagen Open Politiken Cup"]
[Site "Brndby"]
[Date "1981.??.??"]
[Round "3"]
[White "Sahl, Bjarke"]
[Black "Pedersen, Jens Otto"]
[Result "1/2-1/2"]
[WhiteElo "2345"]
[BlackElo "2230"]
[PlyCount "117"]
[EventDate "1981.??.??"]
[EventType "swiss"]
[EventRounds "10"]
[EventCountry "DEN"]
[SourceDate "2004.01.01"]

1. c4 f5 2. Nc3 Nf6 3. g3 g6 4. Bg2 Bg7 5. Nf3 O-O 6. O-O d6 7. d4 Nc6 8. Qc2
e5 9. dxe5 dxe5 10. Bg5 Bd7 11. Rad1 Qe8 12. Nd5 Rc8 13. Qc1 e4 14. Ne1 Nxd5
15. cxd5 Nd4 16. Rd2 Bb5 17. Qd1 Qe5 18. Be3 Nxe2+ 19. Rxe2 Bxe2 20. Qxe2 Qxd5
21. b3 Rcd8 22. f3 exf3 23. Nxf3 Rfe8 24. Qf2 Qa5 25. Kh1 Rd3 26. Bf4 c6 27. h4
Rd7 28. Rc1 Rde7 29. Qc2 Qb5 30. Bf1 Qb4 31. Bc4+ Kh8 32. Ng5 Re1+ 33. Kg2 Rxc1
34. Nf7+ Kg8 35. Qxc1 Re1 36. Qc2 Qc5 37. Ne5+ Kh8 38. Nf3 Re8 39. Qd2 Qe7 40.
Ng5 h6 41. Nf7+ Kh7 42. Bxh6 b5 43. Be6 Bf6 44. Qd7 Qxd7 45. Bxd7 Re7 46. Bxc6
Rxf7 47. Be3 b4 48. Bb5 Bd8 49. Bc4 Rd7 50. h5 Bb6 51. Bf4 Bc7 52. Be3 Be5 53.
Kf3 Rc7 54. hxg6+ Kxg6 55. g4 fxg4+ 56. Kxg4 Rd7 57. Be6 Kg7 58. Kf3 Kf6 59.
Bc4 1/2-1/2

[Event "3. Copenhagen Open Politiken Cup"]
[Site "Brndby"]
[Date "1981.??.??"]
[Round "3"]
[White "Kristiansen, Tor"]
[Black "Schneider, Lars Ake"]
[Result "0-1"]
[WhiteElo "2250"]
[BlackElo "2410"]
[PlyCount "70"]
[EventDate "1981.??.??"]
[EventType "swiss"]
[EventRounds "10"]
[EventCountry "DEN"]
[SourceDate "2004.01.01"]

1. c4 c5 2. g3 Nc6 3. Bg2 g6 4. Nc3 Bg7 5. e4 e6 6. Nge2 Nge7 7. O-O O-O 8. d3
d6 9. Be3 Nd4 10. Rb1 Nec6 11. Qd2 f5 12. Bg5 Qc7 13. Nxd4 Nxd4 14. Ne2 Bd7 15.
Nxd4 Bxd4 16. b4 cxb4 17. Qxb4 Bc6 18. Qb3 fxe4 19. dxe4 Bc5 20. Rbd1 e5 21.
Be3 Qb6 22. Rd3 Bxe3 23. Rxe3 Qc5 24. Qa3 Rad8 25. Rd3 Kg7 26. Qxc5 dxc5 27.
Rfd1 Rd4 28. Rxd4 cxd4 29. Kf1 g5 30. h3 Kf6 31. Ke2 Ke6 32. Rf1 Kd6 33. f3 b5
34. Kd3 Rc8 35. f4 bxc4+ 0-1

[Event "3. Copenhagen Open Politiken Cup"]
[Site "Brndby"]
[Date "1981.??.??"]
[Round "3"]
[White "Nielsen, Jrgen"]
[Black "Wicker, Kevin J"]
[Result "1-0"]
[WhiteElo "2220"]
[BlackElo "2305"]
[PlyCount "81"]
[EventDate "1981.??.??"]
[EventType "swiss"]
[EventRounds "10"]
[EventCountry "DEN"]
[SourceDate "2004.01.01"]

1. e4 e6 2. d3 b5 3. a4 b4 4. a5 c5 5. Nd2 Nc6 6. Nb3 Nf6 7. Qe2 e5 8. f4 d6 9.
Nf3 Be6 10. a6 Be7 11. fxe5 dxe5 12. Be3 Bxb3 13. cxb3 O-O 14. Qc2 Rc8 15. Be2
Nd4 16. Qd1 Ng4 17. Bc1 f5 18. g3 fxe4 19. dxe4 Nxf3+ 20. Bxf3 Qxd1+ 21. Bxd1
Nf2 22. O-O Nxe4 23. Re1 Nf2 24. Be2 e4 25. Bc4+ Kh8 26. Re2 Bf6 27. Kg2 Bd4
28. Be3 Ng4 29. Bxd4 cxd4 30. Rxe4 h5 31. Rxd4 Ne3+ 32. Kg1 Nc2 33. Ra5 g6 34.
Rd6 Ne3 35. Rxg6 Kh7 36. Rgg5 Rcd8 37. Rxh5+ Kg6 38. Rag5+ Kf6 39. h4 Rd2 40.
Rh6+ Ke7 41. Re6+ 1-0

[Event "3. Copenhagen Open Politiken Cup"]
[Site "Brndby"]
[Date "1981.??.??"]
[Round "3"]
[White "Nykopp, Jan Michael"]
[Black "Spassov, Liuben"]
[Result "1/2-1/2"]
[WhiteElo "2260"]
[BlackElo "2460"]
[PlyCount "80"]
[EventDate "1981.??.??"]
[EventType "swiss"]
[EventRounds "10"]
[EventCountry "DEN"]
[SourceDate "2004.01.01"]

1. e4 c5 2. Nf3 d6 3. Bb5+ Bd7 4. Bxd7+ Nxd7 5. O-O Ngf6 6. Re1 e6 7. c3 Be7 8.
d4 cxd4 9. cxd4 d5 10. e5 Ne4 11. Nbd2 Nxd2 12. Bxd2 O-O 13. Qb3 Qb6 14. Qa4
Nb8 15. Bg5 Bxg5 16. Nxg5 Nc6 17. Nf3 Rfc8 18. Rac1 Qxb2 19. Rb1 Qc3 20. Rxb7
Rab8 21. Rbb1 Rxb1 22. Rxb1 Qc4 23. Qxc4 dxc4 24. Kf1 c3 25. Ke2 c2 26. Rc1 Nb4
27. Kd2 Nxa2 28. Rxc2 Rxc2+ 29. Kxc2 Nb4+ 30. Kc3 Nd5+ 31. Kc4 h6 32. Kb5 g5
33. Ka6 Nb4+ 34. Kxa7 Nd3 35. Kb6 Nxf2 36. Kc6 Ng4 37. h4 gxh4 38. Nxh4 Ne3 39.
Kd7 Kf8 40. Kd8 Nd5 1/2-1/2

[Event "3. Copenhagen Open Politiken Cup"]
[Site "Brndby"]
[Date "1981.??.??"]
[Round "3"]
[White "Plaskett, Jim"]
[Black "Sorensen, Bent"]
[Result "0-1"]
[WhiteElo "2405"]
[BlackElo "2285"]
[PlyCount "74"]
[EventDate "1981.??.??"]
[EventType "swiss"]
[EventRounds "10"]
[EventCountry "DEN"]
[SourceDate "2004.01.01"]

1. d4 d5 2. c4 e6 3. Nc3 c6 4. Nf3 Nf6 5. Qd3 dxc4 6. Qxc4 b5 7. Qb3 Nbd7 8. g3
a6 9. Bg2 Bb7 10. O-O c5 11. Rd1 Qb6 12. a4 c4 13. Qc2 Be7 14. e4 b4 15. a5 Qd8
16. d5 bxc3 17. dxe6 fxe6 18. Ng5 Qb8 19. Nxe6 Qe5 20. Nxg7+ Kf7 21. Nf5 Rhe8
22. Bf4 Bxe4 23. Nh6+ Kg7 24. Bxe4 Qxe4 25. Qxc3 Nc5 26. Rd4 Qg6 27. Qxc4 Nce4
28. b4 Bd6 29. Bxd6 Qxh6 30. Bf4 Qh5 31. h4 Qf3 32. Qf1 Nc3 33. Rc4 Ne2+ 34.
Kh2 Ng4+ 35. Kh3 Nxf2+ 36. Kh2 Rac8 37. Rxc8 Ng4+ 0-1

[Event "3. Copenhagen Open Politiken Cup"]
[Site "Brndby"]
[Date "1981.??.??"]
[Round "3"]
[White "Ravikumar, Vaidyanathan"]
[Black "Petursson, Margeir"]
[Result "1-0"]
[WhiteElo "2325"]
[BlackElo "2445"]
[PlyCount "79"]
[EventDate "1981.??.??"]
[EventType "swiss"]
[EventRounds "10"]
[EventCountry "DEN"]
[SourceDate "2004.01.01"]

1. e4 c5 2. Nc3 Nc6 3. g3 g6 4. Bg2 Bg7 5. d3 e6 6. Nge2 Nge7 7. h4 h5 8. Bg5
Rb8 9. a4 a6 10. O-O b5 11. axb5 axb5 12. Qd2 d6 13. Nd1 Qb6 14. c3 Bb7 15. Be3
O-O 16. Bh6 d5 17. Bxg7 Kxg7 18. Qg5 dxe4 19. Nf4 Rh8 20. dxe4 Ng8 21. Bf3 Nce7
22. Qe5+ Nf6 23. Ne3 Rbc8 24. Rfd1 Qc7 25. Rd6 Rhd8 26. Rxe6 Qxe5 27. Rxe5 Kf8
28. b4 Nd7 29. Rg5 Nf6 30. Ned5 Bxd5 31. exd5 Nf5 32. Ra7 cxb4 33. cxb4 Rc4 34.
Ra6 Nh7 35. Rxf5 gxf5 36. Bxh5 Kg7 37. Ra7 Kh6 38. Bxf7 Nf6 39. Be6 Rc1+ 40.
Kg2 1-0

[Event "3. Copenhagen Open Politiken Cup"]
[Site "Brndby"]
[Date "1981.??.??"]
[Round "3"]
[White "Scheeren, Peter"]
[Black "Ernst, Thomas"]
[Result "0-1"]
[WhiteElo "2415"]
[BlackElo "2295"]
[PlyCount "130"]
[EventDate "1981.??.??"]
[EventType "swiss"]
[EventRounds "10"]
[EventCountry "DEN"]
[SourceDate "2004.01.01"]

1. Nf3 Nf6 2. g3 g6 3. Bg2 Bg7 4. O-O O-O 5. d4 d6 6. Nc3 Nbd7 7. e4 e5 8. h3
c6 9. a4 Re8 10. Re1 exd4 11. Nxd4 Nc5 12. a5 d5 13. exd5 Rxe1+ 14. Qxe1 Nxd5
15. Nxd5 Bxd4 16. Qb4 Ne6 17. Ne7+ Kg7 18. Nxc8 Qxc8 19. c3 Bc5 20. Qh4 Qd7 21.
Bh6+ Kg8 22. a6 bxa6 23. Qe4 Rb8 24. b4 Bb6 25. Bf3 c5 26. bxc5 Bxc5 27. Rxa6
Rb2 28. Be3 Rb6 29. Ra1 Qc7 30. Kg2 Rb2 31. Ra6 Bb6 32. Ra3 Bxe3 33. Qxe3 Qb6
34. c4 Qxe3 35. Rxe3 Rc2 36. Re4 a5 37. Bd1 Rc1 38. Be2 a4 39. Bg4 a3 40. Re2
Kf8 41. Bxe6 fxe6 42. Ra2 Rc3 43. Kf1 Ke7 44. Ke2 Kd6 45. Kd2 Rf3 46. Kc1 Kc5
47. Re2 Rb3 48. Re5+ Kxc4 49. Ra5 Kd4 50. Ra4+ Kd3 51. Ra7 e5 52. h4 h5 53. Ra6
e4 54. Ra4 Ke2 55. Kc2 Rf3 56. Rxe4+ Kxf2 57. g4 a2 58. Kb2 Ra3 59. Ka1 Kf3 60.
Re6 hxg4 61. Rxg6 g3 62. h5 g2 63. h6 Ra6 64. Rxa6 g1=Q+ 65. Kxa2 Qc5 0-1

[Event "3. Copenhagen Open Politiken Cup"]
[Site "Brndby"]
[Date "1981.??.??"]
[Round "3"]
[White "Sjoberg, Mats"]
[Black "Welin, Thomas"]
[Result "1/2-1/2"]
[WhiteElo "2230"]
[BlackElo "2290"]
[PlyCount "85"]
[EventDate "1981.??.??"]
[EventType "swiss"]
[EventRounds "10"]
[EventCountry "DEN"]
[SourceDate "2004.01.01"]

1. d4 Nf6 2. c4 g6 3. Nc3 d5 4. Nf3 Bg7 5. cxd5 Nxd5 6. e4 Nxc3 7. bxc3 c5 8.
Rb1 O-O 9. Be2 Qa5 10. Rb5 Qxc3+ 11. Bd2 Qa3 12. Rxc5 Nc6 13. Rc4 Bg4 14. Ra4
Qd6 15. d5 Bxf3 16. Bxf3 Nd4 17. O-O Rfe8 18. Be3 Nxf3+ 19. Qxf3 b6 20. Rc1 Qd7
21. Rac4 Rac8 22. Rc6 e6 23. h3 exd5 24. exd5 Be5 25. Bf4 Bxf4 26. Qxf4 Rcd8
27. d6 Re1+ 28. Rxe1 Qxc6 29. Rd1 Qd7 30. Qd4 Re8 31. Rc1 Qe6 32. d7 Rd8 33.
Rd1 f6 34. Kf1 Kg7 35. a4 Kf7 36. Rd3 a6 37. h4 b5 38. h5 Qc4 39. Qd6 Qc1+ 40.
Rd1 Qc4+ 41. Kg1 Qe6 42. Qc7 Qe2 43. Qd6 1/2-1/2

[Event "3. Copenhagen Open Politiken Cup"]
[Site "Brndby"]
[Date "1981.??.??"]
[Round "3"]
[White "Sorensen, Henrik"]
[Black "Laird, Craig"]
[Result "0-1"]
[WhiteElo "2215"]
[BlackElo "2305"]
[PlyCount "74"]
[EventDate "1981.??.??"]
[EventType "swiss"]
[EventRounds "10"]
[EventCountry "DEN"]
[SourceDate "2004.01.01"]

1. d4 Nf6 2. Nf3 c6 3. Bf4 d6 4. Nbd2 Bf5 5. h3 Nbd7 6. c3 Qc7 7. Nh4 Bg6 8.
Nxg6 hxg6 9. e4 e5 10. Bh2 Be7 11. Be2 Nh5 12. Qb3 Bg5 13. O-O-O Nf4 14. Bxf4
Bxf4 15. g3 Bh6 16. Kb1 Nf6 17. Bf3 b5 18. Bg2 a5 19. Rhe1 O-O 20. dxe5 dxe5
21. Nf3 a4 22. Qc2 Rfb8 23. Qd3 b4 24. c4 Rd8 25. Qe2 Nd7 26. h4 Nc5 27. Nh2
Ne6 28. Rxd8+ Rxd8 29. Ng4 Nd4 30. Nxh6+ gxh6 31. Qe3 b3 32. Rd1 bxa2+ 33. Kxa2
Rb8 34. Rd2 Kg7 35. Qc3 Rb3 36. Qc1 Qa5 37. Rd1 a3 0-1

[Event "3. Copenhagen Open Politiken Cup"]
[Site "Brndby"]
[Date "1981.??.??"]
[Round "3"]
[White "Tjarnemo, Hakan"]
[Black "Roos, Louis"]
[Result "0-1"]
[WhiteElo "2235"]
[BlackElo "2375"]
[PlyCount "74"]
[EventDate "1981.??.??"]
[EventType "swiss"]
[EventRounds "10"]
[EventCountry "DEN"]
[SourceDate "2004.01.01"]

1. e4 c5 2. Nf3 e6 3. d4 cxd4 4. Nxd4 a6 5. Nc3 Qc7 6. Bd3 Nc6 7. Be3 b5 8. O-O
Bb7 9. Nb3 d6 10. f4 Nf6 11. Qf3 Be7 12. Rae1 O-O 13. g4 b4 14. Ne2 Nd7 15. g5
f5 16. Qh3 Nd8 17. exf5 exf5 18. Bxf5 Rxf5 19. Qxf5 Qc6 20. Qh3 Nf7 21. Na5
Qh1+ 22. Kf2 Qd5 23. Nxb7 Qxb7 24. Kg1 Rc8 25. Nd4 Nc5 26. Qg2 Ne4 27. Nf5 d5
28. Nxe7+ Qxe7 29. h4 Qd7 30. f5 Nfd6 31. f6 Nf5 32. Qg4 g6 33. Rd1 Qe6 34. Rc1
Nxf6 35. gxf6 Qxe3+ 36. Kg2 Rc4 37. Qg5 Nxh4+ 0-1

[Event "3. Copenhagen Open Politiken Cup"]
[Site "Brndby"]
[Date "1981.??.??"]
[Round "3"]
[White "Toth, Peter"]
[Black "Taulbut, Shaun M"]
[Result "0-1"]
[WhiteElo "2270"]
[BlackElo "2380"]
[PlyCount "78"]
[EventDate "1981.??.??"]
[EventType "swiss"]
[EventRounds "10"]
[EventCountry "DEN"]
[SourceDate "2004.01.01"]

1. d4 e6 2. g3 Nf6 3. Bg2 d5 4. Nf3 Be7 5. c4 O-O 6. Qa4 a6 7. O-O dxc4 8. Qxc4
b5 9. Qc2 Bb7 10. Bf4 Nc6 11. Rd1 Nb4 12. Qc1 Rc8 13. a3 Nbd5 14. Nc3 c5 15.
Be5 Qb6 16. Nxd5 Nxd5 17. Qd2 c4 18. Qc2 c3 19. b4 a5 20. e4 Nf6 21. bxa5 Qxa5
22. Ng5 Qa4 23. Qd3 Nd7 24. Bf4 h6 25. Nxe6 fxe6 26. Bh3 Nf6 27. Bxe6+ Kh8 28.
e5 Ne4 29. Re1 Rcd8 30. Rxe4 Bxe4 31. Qxe4 Rxd4 32. Qg6 Rdxf4 33. gxf4 Qxf4 34.
Qg3 Qd4 35. Bb3 c2 36. Rc1 Bh4 37. Qg2 Rxf2 38. Qd5 Rf1+ 39. Kg2 Qxd5+ 0-1

[Event "3. Copenhagen Open Politiken Cup"]
[Site "Brndby"]
[Date "1981.??.??"]
[Round "4"]
[White "Bednarski, Jacek"]
[Black "Sorensen, Bent"]
[Result "1/2-1/2"]
[WhiteElo "2380"]
[BlackElo "2285"]
[PlyCount "30"]
[EventDate "1981.??.??"]
[EventType "swiss"]
[EventRounds "10"]
[EventCountry "DEN"]
[SourceDate "2004.01.01"]

1. e4 e6 2. d4 d5 3. Nd2 c5 4. Ngf3 Nc6 5. exd5 exd5 6. Bb5 Bd6 7. dxc5 Bxc5 8.
Nb3 Bd6 9. Bg5 Nge7 10. Bh4 O-O 11. Bg3 Nf5 12. Bxd6 Nxd6 13. Be2 Nc4 14. Rb1
Bg4 15. O-O Qf6 1/2-1/2

[Event "3. Copenhagen Open Politiken Cup"]
[Site "Brndby"]
[Date "1981.??.??"]
[Round "4"]
[White "Brinck Claussen, Bjorn"]
[Black "Bjarnason, Saevar"]
[Result "1-0"]
[WhiteElo "2375"]
[BlackElo "2245"]
[PlyCount "41"]
[EventDate "1981.??.??"]
[EventType "swiss"]
[EventRounds "10"]
[EventCountry "DEN"]
[SourceDate "2004.01.01"]

1. d4 Nf6 2. c4 e6 3. Nf3 c5 4. d5 exd5 5. cxd5 d6 6. Nc3 g6 7. Nd2 Bg7 8. Nc4
O-O 9. Bg5 Re8 10. e3 b6 11. Nb5 Ba6 12. Ncxd6 Re5 13. Bf4 Rxd5 14. Qf3 Nc6 15.
Bc4 Nb4 16. O-O Bxb5 17. Nxb5 Rd7 18. Rad1 Nfd5 19. a3 a6 20. axb4 axb5 21.
Bxd5 1-0

[Event "3. Copenhagen Open Politiken Cup"]
[Site "Brndby"]
[Date "1981.??.??"]
[Round "4"]
[White "Evans, Larry"]
[Black "Nielsen, Jrgen"]
[Result "1/2-1/2"]
[WhiteElo "2370"]
[BlackElo "2220"]
[PlyCount "89"]
[EventDate "1981.??.??"]
[EventType "swiss"]
[EventRounds "10"]
[EventCountry "DEN"]
[SourceDate "2004.01.01"]

1. e4 e5 2. Nf3 d6 3. d4 exd4 4. Qxd4 Nf6 5. e5 dxe5 6. Qxd8+ Kxd8 7. Ng5 Be6
8. Nxe6+ fxe6 9. Bc4 Nc6 10. Bxe6 Nd4 11. Bb3 Bc5 12. Nd2 Rf8 13. c3 Nxb3 14.
axb3 Ng4 15. Ne4 Bb6 16. f3 Nf6 17. Ra4 Kd7 18. Ke2 Rae8 19. Rd1+ Kc8 20. Bg5
Nh5 21. Rc4 Nf4+ 22. Kf1 Re6 23. Nd6+ Kb8 24. Nf5 Nh5 25. Be7 Re8 26. Bg5 g6
27. Ng3 Nxg3+ 28. hxg3 Kc8 29. Re4 c6 30. g4 Bd8 31. Bc1 Bc7 32. Ke2 h5 33.
gxh5 gxh5 34. Rh1 Rg6 35. Kf1 Rd8 36. Re1 Rdg8 37. Re2 Rd8 38. Bd2 Rgd6 39. Ke1
Rh8 40. Bg5 Rg6 41. Bd2 h4 42. Kf2 Rhg8 43. Kf1 e4 44. f4 Rg4 45. Rxe4 1/2-1/2

[Event "3. Copenhagen Open Politiken Cup"]
[Site "Brndby"]
[Date "1981.??.??"]
[Round "4"]
[White "Farias, Sergio"]
[Black "Fuglsang, Flemming"]
[Result "1/2-1/2"]
[WhiteElo "2240"]
[BlackElo "2200"]
[PlyCount "167"]
[EventDate "1981.??.??"]
[EventType "swiss"]
[EventRounds "10"]
[EventCountry "DEN"]
[SourceDate "2004.01.01"]

1. d4 Nf6 2. Nf3 e6 3. e3 d5 4. Bd3 Bd6 5. Nbd2 O-O 6. O-O Nbd7 7. e4 dxe4 8.
Nxe4 Nxe4 9. Bxe4 Nf6 10. Bd3 c5 11. dxc5 Bxc5 12. c3 Qd5 13. Qe2 Qh5 14. Qe5
Qxe5 15. Nxe5 Rd8 16. Bc2 b6 17. Bg5 h6 18. Bxf6 gxf6 19. Nd3 Ba6 20. Rfd1 Bd6
21. Nb4 Bb7 22. Bd3 a5 23. Nc2 Bc5 24. Be2 a4 25. Rxd8+ Rxd8 26. Rd1 Rxd1+ 27.
Bxd1 Bd5 28. Nb4 Bxb4 29. cxb4 Bxa2 30. Bxa4 Bd5 31. f3 f5 32. Kf2 Kg7 33. f4
Kf6 34. g3 Ke7 35. Ke3 Kd6 36. Bc2 f6 37. Bb1 Bb7 38. Bc2 Ba6 39. Bb1 Kd5 40.
Ba2+ Bc4 41. Bb1 Bb3 42. Bd3 Ba2 43. Ba6 Bc4 44. Bb7+ Kd6 45. Bg2 e5 46. Bh3
Be6 47. Bg2 Bd5 48. Bh3 Be4 49. g4 fxg4 50. Bxg4 Bc2 51. h4 Kd5 52. fxe5 Kxe5
53. Bd7 Be4 54. Bb5 f5 55. Be2 f4+ 56. Kf2 Kf5 57. Bd1 Ke5 58. Be2 Bg6 59. Bg4
Ke4 60. Be2 Kd4 61. Ba6 Bh5 62. Bb5 Ke4 63. Ba6 Bd1 64. Bb5 Kf5 65. Bd7+ Kf6
66. Ke1 Bc2 67. Kf2 Kg6 68. Be8+ Kf5 69. Bd7+ Ke5 70. Bb5 Be4 71. Be2 Kd4 72.
Bb5 f3 73. Bf1 Bc6 74. Ba6 b5 75. Bc8 Kc4 76. Bg4 Kxb4 77. Bxf3 Be8 78. Bd1 Kc4
79. Ke3 b4 80. Bc2 Bh5 81. Ba4 Kd5 82. Bb3+ Ke5 83. Bc2 Bg4 84. Be4 1/2-1/2

[Event "3. Copenhagen Open Politiken Cup"]
[Site "Brndby"]
[Date "1981.??.??"]
[Round "4"]
[White "Hansson, Dan"]
[Black "Sorensen, Henrik"]
[Result "1-0"]
[WhiteElo "2330"]
[BlackElo "2215"]
[PlyCount "80"]
[EventDate "1981.??.??"]
[EventType "swiss"]
[EventRounds "10"]
[EventCountry "DEN"]
[SourceDate "2004.01.01"]

1. e4 c6 2. d3 d5 3. Nd2 Qc7 4. Ngf3 Nd7 5. g3 Ngf6 6. Bg2 dxe4 7. dxe4 e5 8.
O-O Be7 9. b3 O-O 10. Bb2 Re8 11. Qe2 Bf8 12. Nh4 Bc5 13. Kh1 Nf8 14. f4 exf4
15. Bxf6 gxf6 16. Rxf4 Ng6 17. Nxg6 hxg6 18. Rxf6 Bd4 19. Rxg6+ fxg6 20. Qc4+
Kg7 21. Qxd4+ Qe5 22. Qxe5+ Rxe5 23. Kg1 Bg4 24. Kf2 Rd8 25. Ke3 Rh5 26. h4 g5
27. Bf3 Bxf3 28. Nxf3 gxh4 29. Nxh4 Ra5 30. Nf5+ Kg6 31. a4 Rc5 32. c4 a5 33.
Rh1 Re5 34. Kf4 Re6 35. Rh6+ Kf7 36. Rh7+ Kg8 37. Rxb7 Rde8 38. e5 Kh8 39. Nd6
Rf8+ 40. Nf5 Rfe8 1-0

[Event "3. Copenhagen Open Politiken Cup"]
[Site "Brndby"]
[Date "1981.??.??"]
[Round "4"]
[White "Hvenekilde, Jorgen"]
[Black "Hartung Nielsen, Jens"]
[Result "0-1"]
[WhiteElo "2275"]
[BlackElo "2220"]
[PlyCount "68"]
[EventDate "1981.??.??"]
[EventType "swiss"]
[EventRounds "10"]
[EventCountry "DEN"]
[SourceDate "2004.01.01"]

1. d4 Nf6 2. Nf3 d6 3. c4 Nbd7 4. Nc3 e5 5. g3 c6 6. Bg2 Be7 7. O-O O-O 8. Qc2
Re8 9. h3 Bf8 10. Be3 a6 11. Rac1 Nh5 12. Qd2 f5 13. c5 e4 14. Nh4 Ndf6 15.
Nxf5 Bxf5 16. g4 Bxg4 17. hxg4 Nxg4 18. Nxe4 d5 19. Bg5 Be7 20. Bf3 dxe4 21.
Bxe7 Qxe7 22. Bxg4 Qh4 23. Bxh5 Qxh5 24. Rc3 Re6 25. Qf4 Rh6 26. Kg2 Rf8 27.
Qc7 Qh4 28. b4 e3 29. Rxe3 Rxf2+ 30. Rxf2 Qh1+ 31. Kg3 Qg1+ 32. Kf3 Rf6+ 33.
Ke4 Qg6+ 34. Ke5 Qe8+ 0-1

[Event "3. Copenhagen Open Politiken Cup"]
[Site "Brndby"]
[Date "1981.??.??"]
[Round "4"]
[White "Jakobsen, Ole"]
[Black "Laird, Craig"]
[Result "1-0"]
[WhiteElo "2415"]
[BlackElo "2305"]
[PlyCount "85"]
[EventDate "1981.??.??"]
[EventType "swiss"]
[EventRounds "10"]
[EventCountry "DEN"]
[SourceDate "2004.01.01"]

1. d4 Nf6 2. c4 c6 3. Nc3 d6 4. e4 e5 5. Nf3 Bg4 6. Be2 Nbd7 7. O-O Be7 8. Be3
O-O 9. h3 Bh5 10. d5 h6 11. Nd2 Bg6 12. b4 Qc7 13. Qb3 Nh5 14. g3 Bg5 15. Bxg5
hxg5 16. Nf3 Qd8 17. dxc6 bxc6 18. Rad1 Qe7 19. Qa4 Rfc8 20. Rd2 Nb6 21. Qa5 g4
22. hxg4 Nf6 23. Nh4 c5 24. b5 Rd8 25. f3 Nh7 26. Nf5 Bxf5 27. exf5 Qg5 28.
Rfd1 Nf6 29. Kg2 Ne8 30. Ne4 Qe7 31. g5 Rd7 32. Qc3 Qd8 33. Qb3 Qc8 34. a4 a5
35. Nxd6 Nxd6 36. Rxd6 Rxd6 37. Rxd6 Rb8 38. g4 Qe8 39. f6 e4 40. f4 e3 41. Kf3
Qc8 42. Qxe3 Nxa4 43. Qe7 1-0

[Event "3. Copenhagen Open Politiken Cup"]
[Site "Brndby"]
[Date "1981.??.??"]
[Round "4"]
[White "Jasnikowski, Zbigniew"]
[Black "Pedersen, Jens Otto"]
[Result "1/2-1/2"]
[WhiteElo "2380"]
[BlackElo "2230"]
[PlyCount "116"]
[EventDate "1981.??.??"]
[EventType "swiss"]
[EventRounds "10"]
[EventCountry "DEN"]
[SourceDate "2004.01.01"]

1. e4 e5 2. Nf3 Nc6 3. Bb5 Bc5 4. O-O Nd4 5. Nxd4 Bxd4 6. c3 Bb6 7. d4 c6 8.
Ba4 d6 9. d5 Ne7 10. Na3 O-O 11. Nc4 Bc7 12. Bc2 cxd5 13. exd5 f5 14. a4 Ng6
15. b4 Qh4 16. f4 exf4 17. Qd4 Bd7 18. Bxf4 Nxf4 19. Rxf4 Qe7 20. a5 g6 21.
Rff1 Rfe8 22. Rfe1 Qg7 23. Rxe8+ Rxe8 24. Qxg7+ Kxg7 25. Kf2 Bb5 26. Ba4 Bxa4
27. Rxa4 a6 28. Ra2 Kf6 29. Re2 Rxe2+ 30. Kxe2 f4 31. Kd3 Kf5 32. Nd2 g5 33.
Nf3 Bd8 34. c4 g4 35. Nd4+ Ke5 36. Ne6 Bh4 37. Nxf4 Be1 38. Ke3 Kf5 39. Nd3 Bc3
40. h3 gxh3 41. gxh3 h6 42. Kf3 Bd4 43. Ne1 Ke5 44. Nc2 Bg1 45. Kg4 Ke4 46. Kh5
Kd3 47. c5 dxc5 48. d6 Bh2 49. bxc5 Kc4 50. d7 Bc7 51. Kxh6 Kxc5 52. Kg6 Kc6
53. h4 Kxd7 54. h5 Bxa5 55. h6 Bc3 56. Ne3 b5 57. Kf7 b4 58. Nd5 Kd6 1/2-1/2

[Event "3. Copenhagen Open Politiken Cup"]
[Site "Brndby"]
[Date "1981.??.??"]
[Round "4"]
[White "Jensen, Vagn"]
[Black "Nikolaiczuk, Lothar"]
[Result "1-0"]
[WhiteElo "2235"]
[BlackElo "2280"]
[PlyCount "47"]
[EventDate "1981.??.??"]
[EventType "swiss"]
[EventRounds "10"]
[EventCountry "DEN"]
[SourceDate "2004.01.01"]

1. e4 Nf6 2. e5 Nd5 3. d4 d6 4. Nf3 Bg4 5. Be2 e6 6. O-O Be7 7. c4 Nb6 8. exd6
cxd6 9. Nc3 O-O 10. b3 Nc6 11. Be3 d5 12. c5 Nc8 13. b4 a6 14. Rb1 Bf6 15. a4
N8e7 16. b5 Bxf3 17. Bxf3 Na5 18. Be2 Nf5 19. Rb4 Nc4 20. Bxc4 a5 21. Rb2 dxc4
22. Rd2 Qd7 23. Qg4 g6 24. Rfd1 1-0

[Event "3. Copenhagen Open Politiken Cup"]
[Site "Brndby"]
[Date "1981.??.??"]
[Round "4"]
[White "Karlsson, Lars"]
[Black "Ernst, Thomas"]
[Result "1-0"]
[WhiteElo "2465"]
[BlackElo "2295"]
[PlyCount "81"]
[EventDate "1981.??.??"]
[EventType "swiss"]
[EventRounds "10"]
[EventCountry "DEN"]
[SourceDate "2004.01.01"]

1. b3 d5 2. e3 Bf5 3. Bb2 Nf6 4. f4 e6 5. Nf3 Be7 6. Be2 h6 7. O-O O-O 8. d3 c5
9. Qe1 Nc6 10. Ne5 Nxe5 11. fxe5 Nd7 12. c4 d4 13. exd4 cxd4 14. Bxd4 Nc5 15.
Qc3 Qd7 16. Nd2 Nxd3 17. Rxf5 exf5 18. Qxd3 Rad8 19. Nf3 g5 20. Qe3 g4 21. Rd1
gxf3 22. Bxf3 Bg5 23. Qf2 f4 24. h4 Be7 25. Bxa7 Qf5 26. Bd4 Rd7 27. Bd5 Rfd8
28. Bc3 b5 29. Rf1 b4 30. Bd2 Rxd5 31. cxd5 Rxd5 32. Qxf4 Qxf4 33. Bxf4 Ra5 34.
h5 Rxa2 35. Bxh6 Rb2 36. Rf3 Bc5+ 37. Be3 Be7 38. Bd4 Rd2 39. Bf2 Rd5 40. g4
Rxe5 41. Re3 1-0